00650nam a2200145 i 4500001000700000003000900007005001700016008004100033110006400074245014300138260005500281300002100336610007800357852006900435151504ES-MaACL20230906204229.0931025s1897 sp |||| | spa d2 aSociedad de Seguros Mutuos de Incendios de Casas en Madrid.10aProyecto de reforma del reglamento... 30 de Abril de 1897 / cpor la Comisión Antigua Sociedad de Seguros Mutuos de Incendios en Madrid. aMadrid : b[s.n.], c1897 (fSucs. de Rivadeneyra) a30 p. ; c31 cm.2 aSociedad de Seguros Mutuos de Incendios de Casas en Madrid-vReglamentos. aES-MaACLjFol-Laf-84 z-- Rúst. z-- Legado de M. de la Fuente